Capitals of 1-st level subdivisions in Austria from east to west - Statistics

General Stats
  • This quiz has been taken 14 times
  • The average score is 8 of 9
Answer Stats
Longitude (DD) Answer % Correct
4 15.44 Graz
100%
8 11.39 Innsbruck
100%
6 14.29 Linz
100%
7 13.05 Salzburg
100%
2 16.37 Wien
100%
1 16.52 Eisenstadt
86%
5 14.31 Klagenfurt
86%
3 15.62 Sankt Pölten
86%
9 9.75 Bregenz
71%
No matching quizzes found
Score Distribution
Percent of People with Each Score
Percentile by Number Answered
Your Score History
You have not taken this quiz